000 01359nam a22003257a 4500
999 _c65340
_d65340
005 20240530110819.0
008 190711s2018 sy f f 000 0 ara d
017 _bمصر. دار الكتب
020 _a9789933184896
040 _aEG-CaGPL
_cEG-CaGPL
082 0 4 _221
_a962.16/
_bم ق
100 1 _aمارجوليوث، دافيد صموئيل
245 1 2 _aالقاهرة وبيت المقدس ودمشق /
_cتاليف دافيد صموئيل مارجوليوث ؛ نقله الى العربية خالد اسعد عيسى، احمد غسان سبانو
260 _aدمشق :
_bدار ومؤسسة رسلان،
_c2018.
300 _a272 ص. :
_bلوحات ؛
_c24 سم.
650 _2qrmak
651 0 7 _2qrmak
_aالقاهرة
_xوصف ورحلات
651 0 7 _2qrmak
_aالقاهرة
_xتاريخ
651 0 7 _2qrmak
_aالقاهرة
_xعمارة
651 0 7 _2qrmak
_aدمشق
_xوصف ورحلات
651 0 7 _2qrmak
_aدمشق
_xتاريخ
651 0 7 _2qrmak
_aدمشق
_xعمارة
651 0 7 _2qrmak
_aبيت المقدس
_xعمارة
651 0 7 _2qrmak
_aبيت المقدس
_xتاريخ
651 0 7 _2qrmak
_aبيت المقدس
_xوصف ورحلات
700 0 _aخالد اسعد عيسى
_eمترجم
700 0 _aاحمد غسان سبانو
_eمترجم
942 _2ddc
_cBK